000 01039nac a22002897a 4500
001 BR8400022
003 BR-BrBNA
005 20240105115920.0
008 230509b bl.|||m| |||| 00| 0 por d
040 _aBR-BrBNA
_bpor
_cBiblioteca Nacional de Agricultura
072 _aF00
090 _a1540 BR8400022
100 1 _aNunes, F.E.C.
100 1 _aLameira, O.A.
110 1 _aUnidade de Execucao de Pesquisa de Ambito Territorial de Boa Vista, RR (Brasil)
_910391
245 1 _aComparacao de cultivares de mandioca em Roraima [Manihot esculenta, Brasil]
246 1 _a[Comparison of cassava cultivars in Roraima [Manihot esculenta, Brazil]]
260 3 _aBoa Vista, RR (Brasil):
_c1983.
300 _a3 p.
490 _aPesquisa em Andamento - Unidade de Execucao de Pesquisa de Ambito Territorial de Boa Vista (Brazil)
_vno. 1
_xISSN 0101-8639
650 _aMANDIOCA
650 _aVARIEDADE
650 _aPRATICA CULTURAL
650 _aRORAIMA
909 _a202312
_bLúcia Elande
_c55
_dLúcia Elande
942 _2AGRIS
_n0
_cMS
999 _c277057
_d277057